Думки про Правду.До історії постання української нації. (Запис № 17555)
[ простий вигляд ]
| 000 -Маркер запису | |
|---|---|
| Контрольне поле сталої довжини | 02606nam a22002417a 4500 |
| 003 - Належність контрольного номера | |
| Контрольне поле | Uzh_bibl |
| 008 - Кодовані дані | |
| Контрольне поле сталої довжини | 260429b |||||||| |||| 00| 0 ukr d |
| 020 ## - Індекс ISBN | |
| ISBN | 978-966-538-221-8 |
| Ціна | 25.00 |
| 040 ## - Джерело каталогіз. | |
| Код мови каталог. | укр. |
| 041 ## - Код мови видання | |
| Код мови оригіналу | українська |
| Код мови тексту | українська |
| 080 ## - Індекс УДК | |
| Індекс УДК | 94(477) |
| 090 ## - Шифри | |
| Поличний індекс | 94(477) |
| Авторський знак | П 84 |
| 100 ## - Автор | |
| Автор | Прохода,Василь |
| 245 ## - Назва | |
| Назва | Думки про Правду.До історії постання української нації. |
| Фізичний носій | Текст |
| 260 ## - Вихідні дані | |
| Місце видання | Дрогобич |
| Видавництво | Відродження |
| Дата видання | 2009 |
| 300 ## - Фізичний опис | |
| Обсяг | 568 с. |
| Тип одиниці | В опр. |
| 520 ## - Анотація | |
| Анотація | Це книга про українську Правду, про віковічну боротьбу за неї на полях кривавих битв її у свідомості українців. В історичній частині тексту автор – кубанський українець із дивовижно складною долею борця за Соборну Самостіїїну Україну – докладно описує події та персонали змагань за українську Правду в добу УНР та проти неї в СРСР. Соціо-софська частина книги становить роздуми – глибокі, аргументовані, часом суперечливі – про різні аспекти духовного життя української людини її українського суспільства., Читач знайде у книзі безліч маловідомих або її зовсім невідомих фактів, тонких спостережень, інтелектуальних знахідок, оригінальних тверджень про наше минуле її перспективи на майбутнє. Книга багато в чому є ключем до розуміння причин нинішнього стану української нації її держави., Видання адресоване науковцям-українознавцям, студентам, гімназистам, ліцеїстам, старшокласникам та широкому загалові читачів, які не байдужі до української Правди і прагнуть її утвердження. |
| 521 ## - Примітка про цільове призначення | |
| Примітка про цільове призначення | Для широкого кола читачів |
| 546 ## - Примітка про мову | |
| Примітка про мову | укр. |
| 650 ## - Тематичні рубрики | |
| Основна рубрика | Науково-публіцистичне видання |
| 653 ## - Ключові слова | |
| Ключові слова | Кубань |
| -- | УНР |
| -- | СРСР |
| 942 ## - ADDED ENTRY ELEMENTS (KOHA) | |
| Джерело класифікації чи схема поличного розташування | |
| Koha item type | Книги |
| Статус вилучення | Статус втрати/відсутності | Джерело класифікації чи схема поличного розташування | Статус пошкодження | Тип обігу (не для випозичання) | Постійне розташування | Поточне розташування | Розташування у відділі | Дата надходження | Інвентарний номер | Total Checkouts | Повний (примірниковий) шифр зберігання | Штрих-код | Date last seen | Дата, для якої чинна ціна заміни | Тип одиниці (рівень примірника) |
|---|---|---|---|---|---|---|---|---|---|---|---|---|---|---|---|
| Публічна бібліотека | Публічна бібліотека | Абонемент | 23/04/2026 | 58879 | 94(477) | 19344 | 29/04/2026 | 23/04/2026 | Книги |